| 000 | 02286nam a22005057a 4500 | ||
|---|---|---|---|
| 003 | OSt | ||
| 005 | 20240710123701.0 | ||
| 007 | ta | ||
| 008 | 201110n rd acd||ri||| 001 0dspa d | ||
| 040 |
_aDO-SdBNP _bspa _cBNPHU |
||
| 041 | _hspa | ||
| 082 | 4 |
_a972.93 _bM385m _222 |
|
| 100 | 1 |
_aMartínez Almanzar, Juan Francisco _d1950 - _910459 |
|
| 240 | _a[Historia dominicana.] | ||
| 245 | 1 | 0 |
_aManual de historia crítica dominicana (1492-1965) / _cJuan Franciso Martínez Almánzar |
| 260 |
_aSanto Domingo : _bCAIS , _bDEA , _c[s.f.] |
||
| 300 |
_a558 p. ; _bil., mapas, retrs. : _c20 cm. |
||
| 490 | _aCentro de adiestramiento e investigación social (CAIS) | ||
| 500 | 0 | _aContiene citas bibliográficas. | |
| 500 | 0 | _aContiene bibliografía. | |
| 500 | 0 | _aContiene datos biográficos del autor. | |
| 505 | 1 | 0 |
_aTema I : _tPrehistoria e historia.- |
| 505 | 1 | 0 |
_aTema II : _tSituación de Europa del descubrimiento.- |
| 505 | 1 | 0 |
_aTema III: _tLa sociedad aborigen.- |
| 505 | 1 | 0 |
_aTema IV : _tEl descubrimiento de América.- |
| 505 | 1 | 0 |
_aTema V : _tConquista y colonización.- |
| 505 | 1 | 0 |
_aTema VI : _tColón y las anulaciones de la capitulaciones de Santa Fe.- |
| 505 | 1 | 0 |
_aTema VII : _tEl régimen de las encomiendas.- |
| 505 | 1 | 0 |
_aTema VIII : _tInicio de la industria azucarera.- |
| 505 | 1 | 0 |
_aTema IX : _tLa española de 1520 a 1550.- |
| 505 | 1 | 0 |
_aTema X : _tLa española en la segunda mitad del siglo XVI.- |
| 505 | 1 | 0 |
_aTema XI : _tLa Isla de Santo Domingo en el siglo XVIII.- |
| 505 | 1 | 0 |
_aTema XII : _tLa isla de Santo Domingo en el siglo XVIII.- |
| 505 | 1 | 0 |
_aTema XIII : _tLa revolución haitiana.- |
| 505 | 1 | 0 |
_aTema XIV : _tLa dominación francesa y española a principios del siglo XIX.- |
| 505 | 1 | 0 |
_aTema XV : _tUnificación política de la isla y separación.- |
| 505 | 1 | 0 |
_aTema XVI : _tLos inicios de la primera república.-Tema XVII |
| 505 | 1 | 0 |
_aTema XVII : _tEl caudillismos y la situación de la naciente república durante su primer período (1844-1861).- |
| 505 | 1 | 0 |
_aTemas XVIII : _tAnexión y guerra de restauración.- |
| 590 | _aInventariado, 2021 / DG | ||
| 650 | 4 |
_aRepública Dominicana _xHistoria _9416 |
|
| 830 |
_aCentro de adiestramiento e investigación social (CAIS) _978665 |
||
| 910 | _aD/G | ||
| 942 |
_2ddc _cLBS1 |
||
| 999 |
_c49118 _d49118 |
||